00830nam a2200193 a 450000100100000000500170001000800410002702000180006804000250008610000480011124500990015926000970025830000360035550000570039150000340044850400320048295201050051499900170061900003825220210910112133.0130405s2012 dr ac 000 0 spa d a9789945005486 aDO-SdBNPbspacBNPHU1 aRamírez Morillo, Belarminio,d1964-9252010aMargarita por dentro :bconozca las razones de su crecimiento /cBelarminio Ramírez Morillo. aSanto Domingo :bFundación de Estudios Sociopolíticos Jurídicos y Económicos,c2012. a324 p. :bils., rets. ;c24 cm. aIncluye datos biográficos del autor en las solapas aIncluye índice onomástico aBibliografía : p. 321-324 0010718PDaPDbPDcCTd2013-04-05iLF1l0o p38252-10r2020-06-25w2020-06-25yLFPDZNo se presta c37742d37742